000 00423nam a2200157 a 4500
001 000031544
005 20200930063014.0
008 110627s1967 dr 000 0 spa d
040 _aDO-SdBNP
_bspa
_cBNPHU
082 _axxxx
_bE18y
100 1 _aEchavarria, Colón
_957906
245 1 0 _aYo hablé con Dios /
_cColón Echavarria.
260 _a[Santo Domingo :
_bs.n.],
_c1967.
300 _a12 p. ;
_c20 cm.
049 _aBNPD
999 _c31036
_d31036